000 00409nam a2200157Ia 4500
008 240729s9999 xx 000 0 und d
022 _a2332-8541
245 0 _aNYS TESOL Journal
260 _aUnited States
260 _bNYS TESOL
650 _a Special aspects of education
650 _aEducation
856 _uhttps://doaj.org/toc/1074f40e7ae34416b07576ef3f6c5659
942 _2ddc
942 _cDOAJEJ
999 _c69954
_d69954
945 _a1
_bMadushi Gamage
_c1
_dMadushi Gamage